Представление документа в формате RUSMARC

ПолеНазваниеЗначение
  Тип записи a
  Библиографический уровень m
001 Контрольный номер RU/УОНБ/EK/629823277
005 Дата корректировки 20250520131101.3
010 Индекс ISBN __
d Цена 100 р.
9 Тираж 25000 экз.
100 Данные общей обработки __
a Данные общей обработки 20191216d1985 u y0rusy0189||||ca
101 Язык документа 0_
a Язык текста rus
102 Страна публикации __
a Страна публикации RU
105 Кодированные данные (монография) __
a Кодированные данные (монография) y z 000zy
106 Кодированные данные (форма документа) __
a Кодированные данные для формы документа (Обозначение носителя) s
139 Кодированные данные (электронные ресурсы) __
a Кодированные данные (электронные ресурсы) сz|||||
200 Заглавие и сведения об ответственности 1_
a Заглавие Искусство стран Востока
b Общее обозначение материала [Изоматериал]
d Параллельное заглавие Oriental art : The museum of Western and oOiental Art. Kiev
e Сведения, относящиеся к заглавию Киевский музей западного и восточного искусства
f Первые сведения об ответственности фот. Р. Бениаминсон
g Последующие сведения об ответственности худож. Л. Калинин
g Последующие сведения об ответственности ред. А. Малкова
210 Выходные данные 1_
a Место издания Ленинград
c Издательство Аврора
d Дата издания 1985
215 Физическое описание __
a Объем 1 обл. (16 отд. л.)
c Иллюстрации/тип воспроизводства ил., цв. ил.
d Формат 21х15 см
300 Общие примечания __
a Общие примечания Текст парал.: англ., рус.
606 Тематические рубрики 0_
a Основная рубрика Изобразительное искусство народов Востока
x Основная подрубрика История
j Формальный подзаголовок Фотоиллюстрации
610 Ключевые слова 0_
a Ключевые слова ксилография
610 Ключевые слова 0_
a Ключевые слова живопись на шелке
610 Ключевые слова 0_
a Ключевые слова живопись на полотне
610 Ключевые слова 0_
a Ключевые слова миниатюры
610 Ключевые слова 0_
a Ключевые слова гобеленовая техника
610 Ключевые слова 0_
a Ключевые слова роспись по фаянсу
610 Ключевые слова 0_
a Ключевые слова дерево раскрашенное
610 Ключевые слова 0_
a Ключевые слова полихромная 6роспись
686 Индексы других классификаций __
a Классификационный индекс 85.103(5)
2 Код системы rubbk
702 Вторичная интеллектуальная ответственность _1
a Фамилия Бениаминсон
b Имя (инициалы) Р.
4 Код отношения 600
702 Вторичная интеллектуальная ответственность _1
a Фамилия Калинин
b Имя (инициалы) Л.
4 Код отношения 040
702 Вторичная интеллектуальная ответственность _1
a Фамилия Малкова
b Имя (инициалы) А.
4 Код отношения 340
801 Источник записи _0
a Страна RU
b Организация Ульяновская ОНБ
c Дата составления 20191216
g Правила каталогизации RCR
801 Источник записи _1
a Страна RU
b Организация Ульяновская ОНБ
c Дата составления 20191216
g Правила каталогизации RCR
901 Тип документа __
t Тип документа m
909 Создатель записи __
a Создатель записи Моргунова
b Дата создания записи 20200820
938 Служебная информация __
a Имя БД books
b Имя библиотеки УОНБ
c Имя АИБС МАРК-SQL
d Номер DOC_ID в БД 348217